000
00282nam a2200109Ia 4500
008
220120s9999||||xx |||||||||||||| ||und||
100
_a
Rashid, Muhammad, H
245
0
_a
Power electronics
260
_a
Prentice hall of india
_b
Bangalore
_c
2001
300
_b
0
650
_a
MECHANICHAL
999
_c
137297
_d
137297